| 000 | 07274nam a22006497a 4500 | ||
|---|---|---|---|
| 005 | 20080922101333.0 | ||
| 008 | 080922t xxu||||| |||| 00| 0 eng d | ||
| 010 | _aB-341452-484 | ||
| 020 |
_c245.00 _a8186332944 |
||
| 020 |
_c245.00 _a9788186332948 |
||
| 035 | _aB-341452-484 | ||
| 037 | _bNew light Publishers | ||
| 040 |
_adpl _bEnglish |
||
| 082 | _a000 | ||
| 245 |
_aNew light's ETE/JBT/NTT entrance exam guide / _cby R.P.Datason...(et al) |
||
| 260 |
_aNew Delhi _bNew Light Publishers _c2010 |
||
| 270 |
_aB-8, Rattan Jyoti, 18 Rajendra Place _bNew Delhi _e110008 _k25737448, 25712649 _l91-1125812385 _mnewlight@vsnl.net, readwell@sify.com |
||
| 300 |
_aVarious pagings _c22 cm. (pbk) |
||
| 700 | _aArora, Manish | ||
| 700 | _aBhalla, Ajay | ||
| 700 | _aRajesh Singh | ||
| 942 |
_2ddc _cEN _mDAT _h000 |
||
| 999 |
_c24091 _d24091 |
||